El aislamiento y acondicionamiento acústicos en la edificación: los problemas del ruido en viviendas, oficinas, etc.

Salvato in:
Dettagli Bibliografici
Autore principale: Tobio, J. M
Natura: Libro
Lingua:spagnolo
Pubblicazione: Madrid, España Patronato de Investigación Científica y Técnica Juan de la Cierva del Consejo Superior de Investigaciones Científicas 1960
Serie:Manuales y Normas
Soggetti:
Tags: Aggiungi Tag
Nessun Tag, puoi essere il primo ad aggiungerne!!

MARC

LEADER 00000nam a2200000 a 4500
001 UCV8767
003 CL-VaPUC
005 20230622124507.0
008 911204e19600000SP |||||||||||||||||spa|d
999 |c 214227  |d 214225 
040 |c Pontificia Universidad Católica de Valparaíso 
082 0 4 |a 693.834 TOB 1960  |2 21 
100 0 |a Tobio, J. M  |9 302785 
245 1 3 |a El aislamiento y acondicionamiento acústicos en la edificación: los problemas del ruido en viviendas, oficinas, etc. 
260 0 3 |a Madrid, España  |b Patronato de Investigación Científica y Técnica Juan de la Cierva del Consejo Superior de Investigaciones Científicas  |c 1960 
300 |a 147 páginas 
490 0 |a Manuales y Normas 
583 |a last modification  |c 20170406 02:47:31  |k Rodrigo Vera 
650 0 |a Aislamiento acústico  |9 267154 
650 0 |a Acústica   |9 265389 
650 0 |a Diseño arquitectónico   |9 265271 
942 |c BK  |2 ddc 
945 |d 19911204 00:00:00 
952 |0 0  |1 0  |2 ddc  |4 0  |6 693_834000000000000_TOB_1960  |7 0  |8 A  |9 197404  |a BIBARQ  |b BIBARQ  |d 2019-11-14  |i 2650657  |o 693.834 TOB 1960  |p 2650657  |r 2025-01-20  |t 1  |w 2019-11-14  |y BK  |k ARQ